[Event "Team men HL chess"]
[Site "?"]
[Date "2015.05.01"]
[Round "1.7"]
[White "Smirnov, Alexey"]
[Black "Airapetian, Gor"]
[Result "1/2-1/2"]
[WhiteElo "2482"]
[BlackElo "2439"]
[PlyCount "90"]
[EventDate "2015.05.01"]

1. d4 d5 2. c4 c6 3. Nf3 Nf6 4. Nc3 a6 5. e3 b5 6. b3 Bg4 7. Be2 e6 8. O-O Nbd7
9. h3 Bh5 10. Ne5 Bxe2 11. Nxe2 Nxe5 12. dxe5 Nd7 13. cxd5 cxd5 14. Bb2 Bc5 15.
Rc1 O-O 16. Qd3 Rc8 17. e4 Nb6 18. Ng3 Qe7 19. exd5 Nxd5 20. Ne4 Ba3 21. Rxc8
Rxc8 22. Bd4 Qc7 23. Ng5 Qc2 24. Qf3 Qg6 25. Ne4 Rc2 26. Ra1 Qf5 27. Qd3 Nb4
28. Qe3 Nd5 29. Qd3 Nb4 30. Qe3 Rc6 31. g4 Qg6 32. Rd1 h5 33. Qf3 Nd5 34. Nc3
hxg4 35. hxg4 Ne7 36. Be3 Rc8 37. Ne4 Nd5 38. Bf4 Rc2 39. Rd2 Rxd2 40. Bxd2 Bb2
41. Bf4 b4 42. Bg3 Bd4 43. Kg2 f5 44. exf6 Bxf6 45. Qe2 Bd4 1/2-1/2

[Event "Team men HL chess"]
[Site "?"]
[Date "2015.05.01"]
[Round "1.7"]
[White "Domogaev, Sergey"]
[Black "Pakhomov, Alexey"]
[Result "0-1"]
[WhiteElo "2489"]
[BlackElo "2362"]
[PlyCount "54"]
[EventDate "2015.05.01"]

1. d4 d5 2. c4 e6 3. Nc3 Be7 4. Nf3 f5 5. Bf4 Nf6 6. e3 c6 7. Bd3 O-O 8. h3 Ne4
9. g4 Qa5 10. gxf5 Nxc3 11. bxc3 Qxc3+ 12. Kf1 dxc4 13. Be2 b5 14. Ne5 Bf6 15.
a4 Bxe5 16. Bxe5 Nd7 17. Bd6 Rxf5 18. e4 Rf7 19. Ra3 Qb2 20. Rf3 Nf6 21. Rg1
Bd7 22. Be5 Raf8 23. Rfg3 g6 24. Re3 Nh5 25. Rg5 Rxf2+ 26. Ke1 Qb4+ 27. Qd2
Rf1+ 0-1

[Event "Team men HL chess"]
[Site "?"]
[Date "2015.05.01"]
[Round "1.7"]
[White "Draganov, Ruslan"]
[Black "Sadovsky, Artem"]
[Result "1-0"]
[WhiteElo "2193"]
[BlackElo "2381"]
[PlyCount "85"]
[EventDate "2015.05.01"]

1. d4 g6 2. e4 Bg7 3. Nf3 d6 4. c4 e5 5. Bg5 f6 6. Be3 Bh6 7. Qd2 Bxe3 8. Qxe3
Nc6 9. Nc3 Bg4 10. d5 Nce7 11. c5 f5 12. Bb5+ Kf8 13. O-O-O f4 14. Qd3 a6 15.
Ba4 dxc5 16. Nxe5 Bxd1 17. Bxd1 Nf6 18. Qf3 Kg7 19. Nd3 g5 20. Nxc5 Qd6 21.
Ne6+ Kg6 22. h4 h6 23. g3 fxg3 24. fxg3 Qe5 25. Rf1 b6 26. h5+ Kf7 27. Nxc7
Rac8 28. d6 Rxc7 29. dxc7 Rc8 30. Kb1 Rxc7 31. Nd5 Nexd5 32. exd5 Kg7 33. Bc2
Rc4 34. Qd3 Ne4 35. Ka1 Rb4 36. Bb3 a5 37. d6 Qxd6 38. Rf7+ Kh8 39. Qf3 Qe5 40.
Rf8+ Kh7 41. Bg8+ Kh8 42. Be6+ Kh7 43. Qf7+ 1-0

[Event "Team men HL chess"]
[Site "?"]
[Date "2015.05.01"]
[Round "1.7"]
[White "Pogosian, Manvel"]
[Black "Romanenkov, Aleksandr"]
[Result "1-0"]
[WhiteElo "2378"]
[BlackElo "2123"]
[PlyCount "99"]
[EventDate "2015.05.01"]

1. d4 d5 2. c4 c6 3. Nf3 Nf6 4. Nc3 e6 5. e3 Bd6 6. Bd3 Nbd7 7. O-O O-O 8. e4
dxe4 9. Nxe4 Nxe4 10. Bxe4 Nf6 11. Bc2 h6 12. Qe2 c5 13. dxc5 Bxc5 14. Rd1 Qe7
15. Ne5 Rd8 16. Rxd8+ Qxd8 17. Be3 Bxe3 18. Qxe3 Bd7 19. Rd1 Qc7 20. b4 Be8 21.
Qd4 Rc8 22. f4 b6 23. Rd2 Qe7 24. a3 Nh7 25. Be4 f6 26. Nf3 Nf8 27. h3 Bc6 28.
Bxc6 Rxc6 29. Qe4 Qc7 30. Rd4 Rd6 31. Rxd6 Qxd6 32. Qd4 Qc6 33. Kf2 Kf7 34. g4
g6 35. g5 e5 36. fxe5 fxg5 37. Qd5+ Qxd5 38. cxd5 Ke7 39. Nd4 a6 40. Nc6+ Kd7
41. e6+ Nxe6 42. Nb8+ Kd6 43. dxe6 Kxe6 44. Nxa6 Kd5 45. a4 Kc4 46. b5 h5 47.
Kg3 Kd5 48. Nc7+ Kd6 49. Na8 Kc5 50. Kg2 1-0

[Event "Team men HL chess"]
[Site "?"]
[Date "2015.05.01"]
[Round "1.8"]
[White "Paravyan, David"]
[Black "Smirnov, Timofey"]
[Result "1-0"]
[WhiteElo "2453"]
[BlackElo "2338"]
[PlyCount "97"]
[EventDate "2015.05.01"]

1. e4 e5 2. Nf3 Nc6 3. Bb5 a6 4. Ba4 Nf6 5. O-O b5 6. Bb3 Be7 7. d3 d6 8. a3
O-O 9. Nc3 Bg4 10. Be3 Nd4 11. Bxd4 exd4 12. Nd5 c6 13. h3 Bxf3 14. Nxf6+ Bxf6
15. Qxf3 Qe7 16. Qg4 Qe5 17. f4 Qc5 18. Rae1 Rae8 19. Re2 Re7 20. h4 h5 21. Qf3
g6 22. e5 dxe5 23. Qe4 exf4 24. Qxg6+ Bg7 25. Rxe7 Qxe7 26. Qxh5 Qe5 27. Qg4
Qe3+ 28. Kh1 Kh8 29. Qf5 Qg3 30. Rf3 Qe1+ 31. Kh2 Qe5 32. Rxf4 Qxf5 33. Rxf5
Bh6 34. Rxf7 Rxf7 35. Bxf7 Bc1 36. b3 Bxa3 37. Be8 Bd6+ 38. Kh3 c5 39. g4 Kg7
40. g5 Bf4 41. Kg4 Bd2 42. h5 Be3 43. h6+ Kh8 44. Kh5 Bf4 45. g6 Be5 46. Bc6
Kg8 47. Kg5 Kf8 48. Kf5 Bh8 49. g7+ 1-0

[Event "Team men HL chess"]
[Site "?"]
[Date "2015.05.01"]
[Round "1.8"]
[White "Tarasov, Alexandr"]
[Black "Vavulin, Maksim"]
[Result "1-0"]
[WhiteElo "2261"]
[BlackElo "2442"]
[PlyCount "91"]
[EventDate "2015.05.01"]

1. Nf3 g6 2. d4 Bg7 3. g3 c5 4. d5 b5 5. Bg2 Bb7 6. O-O Nf6 7. c4 O-O 8. Nfd2
d6 9. e4 Nbd7 10. Na3 bxc4 11. Ndxc4 Ba6 12. Re1 Ne8 13. Rb1 Nc7 14. Bf4 Nb5
15. Nxb5 Bxb5 16. Bf1 Rb8 17. Qd2 Bxc4 18. Bxc4 Rb4 19. Qc2 Bd4 20. Bh6 Re8 21.
Bd2 Rb8 22. Kg2 Nb6 23. b3 e6 24. Bb5 Re7 25. dxe6 Rxe6 26. Bc3 Qf6 27. Bxd4
Qxd4 28. Red1 Qf6 29. Rd2 g5 30. f3 h5 31. a4 a5 32. Qb2 Qg6 33. Rf1 g4 34. Qc3
gxf3+ 35. Qxf3 Rd8 36. Bd3 Re5 37. Rdf2 Rd7 38. Qd1 Qg7 39. Rf5 Rde7 40. Rxh5
d5 41. Rf4 Rxh5 42. Qxh5 Re5 43. Qh4 Rg5 44. e5 Nc8 45. Bh7+ Kf8 46. Rf5 1-0

[Event "Team men HL chess"]
[Site "?"]
[Date "2015.05.01"]
[Round "1.8"]
[White "Savenkov, Konstantin"]
[Black "Payanidi, Janis"]
[Result "1-0"]
[WhiteElo "2332"]
[BlackElo "2264"]
[PlyCount "77"]
[EventDate "2015.05.01"]

1. e4 c5 2. Nf3 d6 3. d4 cxd4 4. Qxd4 Nc6 5. Bb5 Bd7 6. Bxc6 bxc6 7. O-O e5 8.
Qd3 h6 9. c4 Qc7 10. c5 dxc5 11. Nbd2 Ne7 12. b3 Ng6 13. Ba3 Nf4 14. Qe3 Ne6
15. Nc4 f6 16. Nh4 Kf7 17. Rac1 g5 18. Nf5 Nd4 19. Ng3 Be6 20. Ne2 h5 21. Nb2
Qa5 22. Na4 Nxe2+ 23. Qxe2 c4 24. Bxf8 Raxf8 25. Qe3 Rd8 26. Nc5 Rd4 27. Nxe6
Kxe6 28. Rxc4 Rxc4 29. bxc4 Qxa2 30. h4 Qxc4 31. hxg5 fxg5 32. Rc1 Qa4 33. Qf3
Re8 34. Rd1 Rf8 35. Qd3 c5 36. Qd6+ Kf7 37. Rd3 Qe8 38. Qxc5 Qe7 39. Rf3+ 1-0

[Event "Team men HL chess"]
[Site "?"]
[Date "2015.05.01"]
[Round "1.8"]
[White "Kovalev, Egor"]
[Black "Shuvalova, Polina"]
[Result "1-0"]
[WhiteElo "2127"]
[BlackElo "2212"]
[PlyCount "111"]
[EventDate "2015.05.01"]

1. Nf3 Nf6 2. d4 g6 3. Nbd2 Bg7 4. e4 d6 5. Bd3 O-O 6. O-O Nc6 7. c3 e5 8. dxe5
dxe5 9. Bc4 Qe7 10. Re1 Bg4 11. b4 Rad8 12. a4 Nb8 13. h3 Bc8 14. Ba3 Nbd7 15.
Qe2 c6 16. Qe3 b6 17. a5 Kh8 18. Bf1 Ng8 19. c4 Rfe8 20. Nb3 Bh6 21. Qc3 Nf8
22. axb6 axb6 23. c5 b5 24. Na5 Qc7 25. Rad1 f6 26. Rd6 Rxd6 27. cxd6 Qxd6 28.
Qxc6 Qxc6 29. Nxc6 Ba6 30. Rd1 Re6 31. Nb8 Bb7 32. Bxb5 Bxe4 33. Rd8 Re7 34.
Bc6 Ra7 35. Bxe4 Rxa3 36. Nc6 f5 37. Bd5 e4 38. Nfe5 Kg7 39. Rb8 Ra1+ 40. Kh2
Bf4+ 41. g3 Bxe5 42. Rb7+ Kh8 43. Nxe5 Nf6 44. Bc4 Rc1 45. Bb5 e3 46. fxe3 Nd5
47. Rf7 Ne6 48. Bc4 Nxb4 49. Bxe6 Re1 50. Rb7 Rxe3 51. Nf7+ Kg7 52. Nd8+ Kf6
53. Rxb4 Rd3 54. Bxf5 Rxd8 55. Be4 Ke5 56. Kg2 1-0

[Event "Team men HL chess"]
[Site "?"]
[Date "2015.05.01"]
[Round "1.9"]
[White "Tukhaev, Adam"]
[Black "Pavlov, Maxim"]
[Result "1-0"]
[WhiteElo "2544"]
[BlackElo "2505"]
[PlyCount "67"]
[EventDate "2015.05.01"]

1. e4 d6 2. d4 Nf6 3. Nc3 e5 4. Nf3 Nbd7 5. Rg1 g6 6. g4 Bg7 7. Be3 a6 8. Qd2
b5 9. dxe5 dxe5 10. g5 Nh5 11. O-O-O Bb7 12. Bh3 Nb6 13. Qe1 Qb8 14. Bxb6 cxb6
15. Bd7+ Kf8 16. Nd5 Qd6 17. Nf6 Qc5 18. Nxh5 gxh5 19. Bf5 Bc6 20. Qd2 b4 21.
Qd6+ Kg8 22. Qxc5 bxc5 23. Rd6 Bb5 24. Rd5 Re8 25. Bd7 Bxd7 26. Rxd7 Bf8 27.
Nh4 Be7 28. Nf5 Kf8 29. h4 Rg8 30. Rgd1 Rg6 31. Ra7 c4 32. Rdd7 Re6 33. b3 cxb3
34. axb3 1-0

[Event "Team men HL chess"]
[Site "?"]
[Date "2015.05.01"]
[Round "1.9"]
[White "Alexeev, Alexey"]
[Black "Yandarbiev, Ruslan"]
[Result "1/2-1/2"]
[WhiteElo "2320"]
[BlackElo "2334"]
[PlyCount "71"]
[EventDate "2015.05.01"]

1. d4 Nf6 2. g3 g6 3. Bg2 d5 4. c4 Bg7 5. cxd5 Nxd5 6. Nf3 O-O 7. O-O Nb6 8.
Nc3 Nc6 9. e3 Re8 10. Re1 a5 11. b3 e5 12. dxe5 Nxe5 13. Nxe5 Qxd1 14. Nxd1
Bxe5 15. Bb2 a4 16. Bxe5 Rxe5 17. Nc3 c6 18. f4 Rc5 19. Ne4 Rc2 20. g4 Be6 21.
Nf6+ Kg7 22. g5 Rd8 23. Red1 Rdd2 24. Rxd2 Rxd2 25. bxa4 Nxa4 26. Rb1 Nc5 27.
a4 Nb3 28. h4 h6 29. Bf1 hxg5 30. hxg5 Kf8 31. Ne4 Ra2 32. Nc3 Rc2 33. Ne4 Ra2
34. Nc3 Rc2 35. Ne4 Ra2 36. Nc3 1/2-1/2

[Event "Team men HL chess"]
[Site "?"]
[Date "2015.05.01"]
[Round "1.9"]
[White "Bimiev, Ahmad"]
[Black "Triapishko, Olexandr"]
[Result "0-1"]
[WhiteElo "1996"]
[BlackElo "2393"]
[PlyCount "70"]
[EventDate "2015.05.01"]

1. c4 e5 2. Nc3 Nc6 3. g3 Bb4 4. Bg2 Bxc3 5. dxc3 d6 6. e4 f5 7. Nf3 Nf6 8. Bg5
O-O 9. Qc2 h6 10. Bxf6 Qxf6 11. Nd2 f4 12. f3 Be6 13. b3 a6 14. a4 h5 15. O-O-O
Rf7 16. Kb2 Raf8 17. h4 fxg3 18. Bh3 Nd8 19. Rdg1 Qf4 20. Bxe6 Nxe6 21. Rh3 Qe3
22. Rgxg3 Qf2 23. Nb1 Nf4 24. Qxf2 Nd3+ 25. Kc2 Nxf2 26. Nd2 Nxh3 27. Rxh3 Rf6
28. Kd3 Rg6 29. Nf1 Rg2 30. Ne3 Rf2 31. Nf5 g6 32. Ne7+ Kh7 33. Ke3 Rb2 34. b4
c6 35. Rg3 Re8 0-1

[Event "Team men HL chess"]
[Site "?"]
[Date "2015.05.01"]
[Round "1.9"]
[White "Vasilevich, Tatjana"]
[Black "Movldiev, Ibragim"]
[Result "1-0"]
[WhiteElo "2404"]
[BlackElo "2054"]
[PlyCount "105"]
[EventDate "2015.05.01"]

1. d4 d6 2. e4 Nf6 3. f3 c5 4. d5 Qa5+ 5. Bd2 Qb6 6. Na3 g6 7. Nc4 Qc7 8. a4
Bg7 9. Ne2 b6 10. Nc3 a6 11. Be2 O-O 12. O-O Nbd7 13. Be3 Rb8 14. Qd2 Re8 15.
Rfb1 h5 16. Kh1 Kh7 17. h3 Ng8 18. g4 hxg4 19. hxg4 b5 20. axb5 axb5 21. Na5 c4
22. Nc6 Rb7 23. Na7 Qb8 24. Nc6 Qc7 25. Ra5 Bxc3 26. bxc3 Nb8 27. Kg2 f6 28.
Rh1+ Kg7 29. Qe1 e5 30. Qh4 Nxc6 31. dxc6 Qxc6 32. Qh7+ Kf8 33. Qxg6 Rg7 34.
Qh5 Be6 35. Qh8 Kf7 36. Rh7 Rxh7 37. Qxh7+ Kf8 38. Bh6+ Nxh6 39. Qxh6+ Ke7 40.
Ra7+ Bd7 41. Qg7+ Ke6 42. g5 fxg5 43. Qg6+ Ke7 44. f4 Kd8 45. fxg5 Rf8 46. Bf3
Bh3+ 47. Kg3 Qb6 48. Ra8+ Bc8 49. Kg2 Ke7 50. Rxc8 Rxc8 51. Qg7+ Kd8 52. Bg4
Qc6 53. Qf8+ 1-0

[Event "Team men HL chess"]
[Site "?"]
[Date "2015.05.01"]
[Round "1.10"]
[White "Sychev, Klementy"]
[Black "Ponomarenko, Alexandr"]
[Result "1-0"]
[WhiteElo "2425"]
[BlackElo "2234"]
[PlyCount "109"]
[EventDate "2015.05.01"]

1. d4 Nf6 2. c4 e6 3. Nf3 d5 4. Nc3 Be7 5. Bf4 c6 6. e3 Nbd7 7. h3 O-O 8. Qc2
Qa5 9. Nd2 Re8 10. Be2 Bf8 11. O-O a6 12. a3 Qd8 13. Rfd1 Qe7 14. Rac1 h6 15.
Bg3 g6 16. e4 dxe4 17. Ndxe4 Nxe4 18. Nxe4 Nf6 19. Bd6 Qd8 20. Bc7 Qe7 21. Bd6
Qd8 22. Nxf6+ Qxf6 23. Be5 Qe7 24. Bf3 Bd7 25. Qb3 Bc8 26. Re1 Qd8 27. Rcd1 Bg7
28. Qc3 f6 29. Bg3 Qd7 30. Be4 Kh7 31. h4 Qf7 32. h5 f5 33. hxg6+ Qxg6 34. Bf3
c5 35. Be5 cxd4 36. Qxd4 Re7 37. Qc5 Rf7 38. Rd8 Bxe5 39. Qxe5 Qg7 40. Qxg7+
Kxg7 41. b3 Rf8 42. Red1 e5 43. Bxb7 Bxb7 44. R8d7+ Kg6 45. R1d6+ Kg5 46. Rxb7
Rad8 47. Rg7+ Kh5 48. Rgg6 Rxd6 49. Rxd6 Rb8 50. b4 Rc8 51. c5 a5 52. c6 axb4
53. axb4 Rb8 54. c7 Rc8 55. Rc6 1-0

[Event "Team men HL chess"]
[Site "?"]
[Date "2015.05.01"]
[Round "1.10"]
[White "Dulenko, Maxim"]
[Black "Alikulov, Elbek"]
[Result "0-1"]
[WhiteElo "2140"]
[BlackElo "2407"]
[PlyCount "56"]
[EventDate "2015.05.01"]

1. e4 c5 2. Nf3 d6 3. d4 cxd4 4. Qxd4 Nc6 5. Bb5 Nf6 6. e5 Qa5+ 7. Nc3 Qxb5 8.
Nxb5 Nxd4 9. Nfxd4 dxe5 10. Nc7+ Kd7 11. Nxa8 exd4 12. Bf4 e6 13. O-O-O Kc6 14.
Rxd4 Bc5 15. Rc4 b5 16. Rc3 Nd5 17. Rf3 f6 18. Re1 e5 19. Bd2 Be6 20. h3 Rxa8
21. Re2 h5 22. Rg3 g5 23. b3 Rd8 24. Kb2 b4 25. Rd3 Bc8 26. Re1 Bxf2 27. Rd1
Ba6 28. Rf3 Bd4+ 0-1

[Event "Team men HL chess"]
[Site "?"]
[Date "2015.05.01"]
[Round "1.10"]
[White "Vdovin, Vadim"]
[Black "Zherebtsova, Alexandra"]
[Result "1-0"]
[WhiteElo "2375"]
[BlackElo "2184"]
[PlyCount "93"]
[EventDate "2015.05.01"]

1. e4 e5 2. Nf3 Nc6 3. d4 exd4 4. Nxd4 Nf6 5. Nxc6 bxc6 6. e5 Qe7 7. Qe2 Nd5 8.
c4 Nb6 9. b3 Ba6 10. Ba3 Qe6 11. Bxf8 Kxf8 12. Nd2 Re8 13. f4 d6 14. O-O-O d5
15. Qe3 Qe7 16. c5 Bxf1 17. cxb6 Bb5 18. bxa7 Qa3+ 19. Kb1 c5 20. Rc1 c4 21.
Qc3 Ra8 22. bxc4 Qxa7 23. Rc2 d4 24. Qf3 Ba4 25. Rb2 c6 26. Ka1 h5 27. f5 Rh6
28. Rhb1 Kg8 29. f6 c5 30. Qd5 Bd7 31. Nf3 Bf5 32. Qxa8+ Qxa8 33. Rb8+ Qxb8 34.
Rxb8+ Kh7 35. Ng5+ Kg6 36. h4 Bd3 37. Rg8 Bxc4 38. Ne4 Rh7 39. Nxc5 Kh6 40. Kb2
Kg6 41. Ne4 Bd5 42. Ng5 Rh6 43. Rd8 gxf6 44. Rxd5 fxg5 45. Rd6+ Kg7 46. Rxh6
Kxh6 47. a4 1-0

[Event "Team men HL chess"]
[Site "?"]
[Date "2015.05.01"]
[Round "1.10"]
[White "Tereshechkina, Maya"]
[Black "Alagulian, Kamo"]
[Result "0-1"]
[WhiteElo "2068"]
[BlackElo "2294"]
[PlyCount "76"]
[EventDate "2015.05.01"]

1. Nf3 Nf6 2. c4 c5 3. e3 g6 4. d4 Bg7 5. d5 d6 6. h3 e6 7. Nc3 exd5 8. cxd5 a6
9. a4 O-O 10. Bd3 Qa5 11. Nd2 Nbd7 12. Nc4 Qc7 13. O-O Rb8 14. e4 b5 15. axb5
axb5 16. Na3 b4 17. Nab5 Qd8 18. Ne2 Ne5 19. Na7 Qb6 20. Nxc8 Rfxc8 21. Ra6 Qb7
22. Ra4 Nxd3 23. Qxd3 Nd7 24. Qa6 Qc7 25. b3 Nb6 26. Ra5 Ra8 27. Qb5 Rxa5 28.
Qxa5 Nxd5 29. Qa6 Nc3 30. Nxc3 bxc3 31. Bf4 Qc6 32. Qc4 Bd4 33. Re1 Re8 34. Kh2
Rxe4 35. Rxe4 Qxe4 36. Bxd6 Qe6 37. Bf4 Qxc4 38. bxc4 Bxf2 0-1

[Event "Team men HL chess"]
[Site "?"]
[Date "2015.05.02"]
[Round "2.1"]
[White "Goganov, Aleksey"]
[Black "Demidov, Mikhail"]
[Result "1/2-1/2"]
[WhiteElo "2612"]
[BlackElo "2513"]
[PlyCount "81"]
[EventDate "2015.05.01"]

1. d4 d5 2. c4 c6 3. Nf3 dxc4 4. e3 Be6 5. Be2 Nf6 6. Nc3 Bd5 7. O-O e6 8. Ne5
c5 9. Qa4+ Bc6 10. Qxc4 cxd4 11. Rd1 Be7 12. Nxc6 Nxc6 13. exd4 O-O 14. d5 Na5
15. Qd3 exd5 16. Nxd5 Nxd5 17. Qxd5 Qxd5 18. Rxd5 b6 19. Be3 Bf6 20. Rb1 Rad8
21. Rxd8 Rxd8 22. b3 Nc6 23. Rc1 Nb4 24. a4 Nd5 25. Bd2 h6 26. g3 Bb2 27. Rc4
Ne7 28. Rc2 Ba3 29. b4 Nc6 30. Rxc6 Rxd2 31. Bc4 Rd7 32. a5 Bxb4 33. axb6 axb6
34. Rxb6 Bc5 35. Rb8+ Bf8 36. h4 h5 37. Kg2 g6 38. Rb2 Kg7 39. Re2 Bc5 40. Rc2
Ba7 41. Bb5 1/2-1/2

[Event "Team men HL chess"]
[Site "?"]
[Date "2015.05.02"]
[Round "2.1"]
[White "Chekhov, Sergei"]
[Black "Yudin, Sergei"]
[Result "0-1"]
[WhiteElo "2480"]
[BlackElo "2520"]
[PlyCount "50"]
[EventDate "2015.05.01"]

1. e4 d6 2. Nc3 Nf6 3. f4 d5 4. e5 d4 5. Nce2 Nh5 6. d3 c5 7. c4 Nc6 8. Ng3
Nxg3 9. hxg3 g6 10. Bd2 f6 11. exf6 exf6 12. Qe2+ Kf7 13. g4 Bg7 14. O-O-O Rb8
15. g3 b5 16. Bg2 Ne7 17. Nh3 bxc4 18. dxc4 d3 19. Qf3 Bxg4 20. Qxg4 f5 21.
Ng5+ Kg8 22. Bc3 Bxc3 23. Qf3 d2+ 24. Kb1 Rxb2+ 25. Ka1 Rb3+ 0-1

[Event "Team men HL chess"]
[Site "?"]
[Date "2015.05.02"]
[Round "2.1"]
[White "Pogromsky, Mikhail"]
[Black "Pasiev, Rakhim"]
[Result "1/2-1/2"]
[WhiteElo "2428"]
[BlackElo "2400"]
[PlyCount "82"]
[EventDate "2015.05.01"]

1. d4 e6 2. g3 f5 3. Bg2 Nf6 4. c4 d5 5. Nh3 c6 6. Nd2 Bd6 7. O-O b6 8. cxd5
cxd5 9. Nc4 O-O 10. Nf4 Nc6 11. Nxd6 Qxd6 12. b3 a5 13. a4 Ba6 14. Ba3 Nb4 15.
Qd2 Rfc8 16. Rfc1 Kf7 17. h4 Ne4 18. Qe1 h6 19. h5 Nf6 20. Bf3 Nd7 21. e3 Qf8
22. Qd2 Qd6 23. Kg2 Nf6 24. Ng6 Ne4 25. Bxe4 fxe4 26. Ne5+ Kg8 27. Rxc8+ Rxc8
28. Rc1 Qf8 29. Rc3 Be2 30. Rxc8 Bf3+ 31. Nxf3 exf3+ 32. Kh3 Qxc8 33. Bxb4 axb4
34. g4 Qa6 35. Kg3 Qf1 36. Kxf3 Qh3+ 37. Kf4 Qh2+ 38. Kf3 Qh3+ 39. Kf4 Qh2+ 40.
Kf3 Qh3+ 41. Kf4 Qh2+ 1/2-1/2

[Event "Team men HL chess"]
[Site "?"]
[Date "2015.05.02"]
[Round "2.1"]
[White "Vastrukhin, Oleg"]
[Black "Vokarev, Sergey"]
[Result "1-0"]
[WhiteElo "2386"]
[BlackElo "2456"]
[PlyCount "79"]
[EventDate "2015.05.01"]

1. Nf3 Nf6 2. c4 g6 3. b3 Bg7 4. Bb2 c5 5. g3 d6 6. Bg2 e5 7. O-O Nc6 8. e3 O-O
9. Nc3 Re8 10. d3 h6 11. Nd2 a6 12. Nde4 Nh7 13. Nd5 Rb8 14. a3 b5 15. cxb5
axb5 16. b4 Be6 17. Nd2 Ne7 18. e4 Qd7 19. Nb3 Bxd5 20. exd5 cxb4 21. Na5 bxa3
22. Rxa3 b4 23. Ra1 Qb5 24. Qb3 Nf6 25. Nc4 Red8 26. Ra5 Qe8 27. Rfa1 Nf5 28.
Ra7 Rd7 29. R7a4 e4 30. dxe4 Nxe4 31. Rxb4 Rxb4 32. Qxb4 Bxb2 33. Qxb2 Nc5 34.
Bh3 Re7 35. Bxf5 gxf5 36. Nxd6 Re1+ 37. Kg2 Qe5 38. Qb8+ Kh7 39. Rxe1 Qxe1 40.
Qc7 1-0

[Event "Team men HL chess"]
[Site "?"]
[Date "2015.05.02"]
[Round "2.2"]
[White "Pavlov, Maxim"]
[Black "Kiriakov, Petr"]
[Result "0-1"]
[WhiteElo "2505"]
[BlackElo "2535"]
[PlyCount "126"]
[EventDate "2015.05.01"]

1. e4 e6 2. d4 d5 3. Nd2 a6 4. Ngf3 c5 5. exd5 exd5 6. dxc5 Bxc5 7. Nb3 Bb6 8.
Bd3 Qe7+ 9. Qe2 Nc6 10. c3 Bg4 11. O-O Qxe2 12. Bxe2 Nf6 13. h3 Bh5 14. Bf4 O-O
15. g4 Bg6 16. Rad1 Rfe8 17. Bd3 Bxd3 18. Rxd3 Re2 19. Bc1 Rae8 20. Nbd4 Nxd4
21. Nxd4 Bxd4 22. Rxd4 R8e4 23. Rd3 h6 24. a3 Rc2 25. Rfd1 Ree2 26. Rf3 Ne4 27.
Be3 Rxb2 28. Rxd5 f6 29. Rd8+ Kh7 30. Rd7 b5 31. h4 Re1+ 32. Kg2 Kg8 33. Bd4
Rbb1 34. Re3 Rxe3 35. fxe3 a5 36. Kf3 Nd2+ 37. Ke2 Ne4 38. Re7 Nd6 39. Rd7 Ne4
40. Re7 Nd6 41. e4 b4 42. cxb4 axb4 43. g5 hxg5 44. hxg5 bxa3 45. g6 Rb8 46.
Re6 Nb5 47. Ba1 Ra8 48. Kd3 Kf8 49. Kc4 Nc7 50. Rc6 Ne8 51. Kb3 Ke7 52. Ka2 Ra5
53. e5 fxe5 54. Bc3 Kd7 55. Rb6 Rd5 56. Kxa3 Nd6 57. Kb3 Ke6 58. Bb4 e4 59. Ra6
e3 60. Kc2 e2 61. Ra1 Nf5 62. Re1 Nd4+ 63. Kc1 Re5 0-1

[Event "Team men HL chess"]
[Site "?"]
[Date "2015.05.02"]
[Round "2.2"]
[White "Zablotsky, Sergei"]
[Black "Alexeev, Alexey"]
[Result "1-0"]
[WhiteElo "2525"]
[BlackElo "2320"]
[PlyCount "73"]
[EventDate "2015.05.01"]

1. d4 Nf6 2. c4 g6 3. g3 Bg7 4. Bg2 O-O 5. Nc3 d6 6. Nf3 Nc6 7. O-O a6 8. b3
Rb8 9. Bb2 b5 10. d5 Na5 11. cxb5 axb5 12. Nd4 b4 13. Na4 e6 14. dxe6 fxe6 15.
Rc1 c5 16. Nf3 Qe7 17. Nd2 Bd7 18. e4 e5 19. f4 Ng4 20. Qe1 exf4 21. gxf4 Bxa4
22. Bxg7 Qxg7 23. bxa4 c4 24. Bh3 Qd4+ 25. Kh1 h5 26. Nf3 Qb2 27. Bxg4 hxg4 28.
Ng5 Rb7 29. Qd1 Re7 30. Qxd6 Rfe8 31. e5 Qe2 32. Qxg6+ Kh8 33. Rce1 Qd3 34.
Nf7+ Rxf7 35. Qxf7 Rg8 36. Qh5+ Kg7 37. Qxg4+ 1-0

[Event "Team men HL chess"]
[Site "?"]
[Date "2015.05.02"]
[Round "2.2"]
[White "Gritsayeva, Oksana"]
[Black "Bocharov, Ivan"]
[Result "1/2-1/2"]
[WhiteElo "2328"]
[BlackElo "2489"]
[PlyCount "162"]
[EventDate "2015.05.01"]

1. e4 d5 2. exd5 Qxd5 3. Nc3 Qa5 4. d4 Nf6 5. Nf3 c6 6. Bc4 Bg4 7. h3 Bh5 8. g4
Bg6 9. Ne5 Nbd7 10. Nxg6 hxg6 11. Bd2 e6 12. g5 Nh5 13. Ne4 Qc7 14. Qf3 Nb6 15.
Bb3 a5 16. a3 a4 17. Ba2 Nd5 18. c4 Ne7 19. d5 cxd5 20. cxd5 Nxd5 21. Bxd5 exd5
22. Nc3 Bc5 23. O-O O-O 24. Nxd5 Qg3+ 25. Qxg3 Nxg3 26. Bb4 Ne2+ 27. Kh2 Rfd8
28. Rad1 Nd4 29. Bxc5 Rxd5 30. Rxd4 Rxc5 31. h4 b5 32. Rfd1 Rc2 33. R1d2 Rac8
34. Kg3 Kf8 35. Rd5 Rxd2 36. Rxd2 Rc5 37. Re2 f6 38. gxf6 gxf6 39. Re4 Kf7 40.
f3 Rd5 41. Kf4 Rh5 42. Kg3 Rf5 43. Kf2 Rd5 44. Ke3 Kg7 45. Re7+ Kh6 46. Rb7 g5
47. hxg5+ Kxg5 48. Rb6 Kf5 49. Rc6 Ke5 50. Rb6 Rc5 51. Kd3 f5 52. Ke3 f4+ 53.
Kd3 Kd5 54. Rf6 Rc4 55. Rf5+ Kc6 56. Re5 Rc1 57. Re4 Rb1 58. Kc2 Rf1 59. Rxf4
Kc5 60. Kd3 Rf2 61. Rf5+ Kc6 62. Kc3 Kb6 63. b4 axb3 64. Kxb3 Rf1 65. Rf8 Kc5
66. Rf7 Kb6 67. f4 Rb1+ 68. Kc2 Ra1 69. Kb2 Rf1 70. Rf8 Kc5 71. f5 Rf2+ 72. Kc1
Kd6 73. f6 Ke6 74. Rb8 Rxf6 75. Rb6+ Ke7 76. Rxb5 Kd7 77. Kb2 Kc7 78. Kc3 Ra6
79. Kb4 Rb6 80. a4 Rxb5+ 81. axb5 Kb6 1/2-1/2

[Event "Team men HL chess"]
[Site "?"]
[Date "2015.05.02"]
[Round "2.2"]
[White "Salinnikov, Denis Y"]
[Black "Vasilevich, Tatjana"]
[Result "1-0"]
[WhiteElo "2374"]
[BlackElo "2404"]
[PlyCount "83"]
[EventDate "2015.05.01"]

1. e4 c5 2. c3 e6 3. d4 d5 4. exd5 exd5 5. Be3 c4 6. b3 cxb3 7. axb3 Bd6 8. Bd3
Ne7 9. Qf3 Be6 10. Nh3 f6 11. Nf4 Bf7 12. O-O Qd7 13. c4 Nbc6 14. Nc3 Nb4 15.
c5 Bxf4 16. Bxf4 Nxd3 17. Qxd3 O-O 18. Bd6 Rfe8 19. Bxe7 Rxe7 20. Rfe1 Rxe1+
21. Rxe1 a6 22. h3 Rd8 23. Re3 Qc7 24. b4 Qd7 25. Qe2 Kf8 26. b5 axb5 27. Nxb5
b6 28. Nd6 bxc5 29. dxc5 d4 30. Rg3 Bg6 31. Rb3 d3 32. Qd2 Qa4 33. Rc3 Qc6 34.
f4 Qd5 35. Kh2 h5 36. Rc1 Ra8 37. Qb4 Kg8 38. Qc4 Qxc4 39. Rxc4 Ra6 40. f5 Bh7
41. c6 d2 42. c7 1-0

[Event "Team men HL chess"]
[Site "?"]
[Date "2015.05.02"]
[Round "2.3"]
[White "Lugovskoy, Maxim"]
[Black "Sychev, Klementy"]
[Result "1/2-1/2"]
[WhiteElo "2435"]
[BlackElo "2425"]
[PlyCount "83"]
[EventDate "2015.05.01"]

1. Nf3 c5 2. c4 Nc6 3. Nc3 g6 4. g3 Bg7 5. Bg2 e6 6. d3 Nge7 7. O-O O-O 8. Bg5
h6 9. Bxe7 Qxe7 10. e3 Rd8 11. d4 cxd4 12. exd4 Qb4 13. Qd3 d5 14. cxd5 exd5
15. a3 Qc4 16. Rad1 Qxd3 17. Rxd3 Bf5 18. Rdd1 Kf8 19. h3 Be4 20. Kh2 Rac8 21.
h4 b6 22. Kh1 Bxf3 23. Bxf3 Bxd4 24. Nxd5 Bxb2 25. a4 Bg7 26. Bg2 Nd4 27. Ne3
Nb3 28. Bb7 Rb8 29. Bc6 Nc5 30. Kg2 Rbc8 31. Bb5 h5 32. Nd5 Rd6 33. Nb4 Rcd8
34. Rxd6 Rxd6 35. Re1 Bc3 36. Re8+ Kg7 37. Na6 Nxa6 38. Bxa6 Rd7 39. Bb5 Rc7
40. Rd8 Bf6 41. Rd7 Rxd7 42. Bxd7 1/2-1/2